Normale Ansicht MARC-Ansicht ISBD

Schulze Worreschke und andere Rubener (Titelsatznr. 374291)

[ MARC ]
MARC-Details
000 -Satzkennung
Kontrollfeld mit fester Länge 00681cam a22002292c 4500
001 - Kontrollnummer
Kontrollnummer 1618103121
003 - Kontrollnummer Identifier
Kontrollnummer DE-627
005 - Datum und Zeit der letzten Transaktion
Kontrollnummer 20260213093815.0
007 - Feld mit fester Länge zur physischen Beschreibung - Allgemeine Information
Kontrollfeld mit fester Länge tu
008 - Feld mit fester Länge zur physischen Beschreibung - Allgemeine Angaben
Kontrollfeld mit fester Länge 160118s2007 xx ||||| 00| ||ger c
020 ## - Internationale Standardbuchnummer
Internationale Standardbuchnummer 3938555041
035 ## - Systemkontrollnummer
Systemkontrollnummer (DE-627)1618103121
035 ## - Systemkontrollnummer
Systemkontrollnummer (DE-576)45430742X
035 ## - Systemkontrollnummer
Systemkontrollnummer (DE-599)BSZ45430742X
040 ## - Katalogisierungsquelle
Original-Katalogisierungsstelle DE-627
Katalogisierungssprache ger
Übertragungsstelle DE-627
Beschreibungsfestlegungen rakwb
041 ## - Sprachcode
Sprachcode des Textes/der Tonspur oder des separaten Titels ger
100 1# - Haupteintragung - Personenname
Personenname Radochla, Rolf
Datumsangaben in Verbindung mit einem Namen 1950-
Funktionsbezeichnungscode aut
245 10 - Titel
Titel Schulze Worreschke und andere Rubener
Zusatz zum Titel Niederlausitzer Land- und Leutegeschichten vom Rande des Spreewalds; mal mehr, mal weniger fiktiv, mal fast ganz wirklich
300 ## - Physische Beschreibung
Umfang 207 S.
Andere physische Details Abb.
951 ## - EQUIVALENCE OR CROSS-REFERENCE-GEOGRAPHIC NAME/AREA NAME [OBSOLETE] [CAN/MARC only]
Geografischer Name BO
942 ## - Zusätzliche Felder (Koha)
Klassifikation oder Aufstellungssystematik Andere/Generische Klassifikation
Koha-Medientyp Bücher
Exemplare
Ausgeschieden Verloren Klassifikation oder Aufstellungssystematik Beschädigt Nicht entleihbar Permanenter Standort Aktueller Standort Aufstellungsort Erwerbungsdatum Anzahl Ausleihen Signatur Letzte Aktivität Exemplarnummer Preis gültig von Medientyp
    Andere/Generische Klassifikation     Stadtarchiv Frankfurt (Oder) | Archivbibliothek Stadtarchiv Frankfurt (Oder) | Archivbibliothek Magazin 13/02/2026   I: 2950 13/02/2026 35/2026 13/02/2026 Bücher